[Event "15ème Open de Saint-Affrique"]
[Site "Saint Affrique"]
[Date "????.??.??"]
[Round "1.1"]
[White "Hamdouchi, Hichem"]
[Black "Cohen-Solal, Lennie"]
[Result "1-0"]
[WhiteElo "2576"]
[BlackElo "1870"]
[PlyCount "45"]

1. e4 Nf6 2. e5 Nd5 3. d4 d6 4. c4 Nb6 5. exd6 exd6 6. Nc3 Be7 7. Bd3 Nc6 8.
Be3 Nb4 9. Bb1 c6 10. a3 Na6 11. b3 d5 12. c5 Nd7 13. Nf3 Bf6 14. b4 Nc7 15.
O-O b6 16. Qc2 bxc5 17. bxc5 h5 18. Bf4 Ne6 19. Bd6 Qa5 20. Ba2 Bxd4 21. Nxd4
Nxd4 22. Rfe1+ Ne6 {#} 23. Rxe6+ 1-0

[Event "15ème Open de Saint-Affrique"]
[Site "Saint Affrique"]
[Date "????.??.??"]
[Round "1.2"]
[White "Domenech, Vianney"]
[Black "Degraeve, Jean-Marc"]
[Result "0-1"]
[WhiteElo "1864"]
[BlackElo "2520"]
[PlyCount "80"]

1. d4 g6 2. Bg5 Bg7 3. e3 c5 4. c3 cxd4 5. exd4 Nc6 6. Nd2 d6 7. Ngf3 Nf6 8.
Be2 h6 9. Bh4 O-O 10. O-O Nh5 11. d5 Nb8 12. Nd4 Nf4 13. Bf3 Nd7 14. Nc4 Ne5
15. Nxe5 dxe5 16. Ne2 g5 17. Bg3 f5 18. Bxf4 gxf4 19. Qb3 Qd6 20. c4 e4 21. Bh5
Kh7 22. c5 Qe5 23. Rad1 b6 24. d6 exd6 25. cxd6 Be6 26. Qa4 b5 27. Qa5 Bd7 28.
Qd2 Qxb2 29. Qxb2 Bxb2 30. Nxf4 Rac8 31. Ng6 Rf6 32. Rb1 Rc2 33. Nf4 Rxd6 34.
Rbd1 Rxd1 35. Rxd1 Rc1 36. Rxc1 Bxc1 37. Nd5 Kg7 38. Kf1 Be6 39. Nb4 Ba3 40.
Nc6 Bc5 0-1

[Event "15ème Open de Saint-Affrique"]
[Site "Saint Affrique"]
[Date "????.??.??"]
[Round "1.3"]
[White "Prie, Eric"]
[Black "Delaire, Eric"]
[Result "1-0"]
[WhiteElo "2518"]
[BlackElo "1852"]
[PlyCount "49"]

1. d4 Nf6 2. Nf3 d6 3. Nc3 c6 4. e4 g6 5. Be3 Bg7 6. Qd2 b5 7. Bd3 b4 8. Ne2 a5
9. Bh6 O-O 10. h3 Ba6 11. O-O d5 12. e5 Ne4 13. Qe3 f5 14. Bxg7 Kxg7 15. a3 Qb6
16. axb4 axb4 17. Nf4 Rh8 18. Bxe4 dxe4 19. Ne6+ Kf7 20. Nfg5+ Ke8 21. Qb3 h6
22. Ng7+ Kd7 23. Qe6+ Kc7 24. Qxe7+ Kc8 25. Nf7 1-0

[Event "15ème Open de Saint-Affrique"]
[Site "Saint Affrique"]
[Date "????.??.??"]
[Round "1.4"]
[White "Berard, Jean-Claude"]
[Black "Georgiev, Krum"]
[Result "0-1"]
[WhiteElo "1851"]
[BlackElo "2500"]
[PlyCount "70"]

1. d4 Nf6 2. e3 d6 3. Nc3 g6 4. Bc4 Bg7 5. Nge2 O-O 6. O-O c6 7. a3 Nbd7 8. e4
e5 9. h3 Re8 10. d5 Qc7 11. Ng3 h5 12. Re1 Nh7 13. Be3 Ndf6 14. Qd2 Bd7 15. Ba2
c5 16. b4 h4 17. Nge2 cxb4 18. axb4 Nh5 19. Bb3 f5 20. f3 f4 21. Bf2 Ng3 22.
Kh2 Ng5 23. Ng1 Bf6 24. Rec1 Kg7 25. Nce2 b5 26. c4 bxc4 27. Bxc4 Qb8 28. Qd3
Bd8 29. Rcb1 Bb6 30. Bxb6 Qxb6 31. Nxg3 hxg3+ 32. Kh1 Rh8 33. Ra6 Qf2 34. Ra2 {
#} 34... Nxh3 $1 35. Rxf2 (35. gxh3 g2+ 36. Kh2 Qg3#) (35. Nxh3 Rxh3+ 36. gxh3
g2+ 37. Kh2 g1=Q#) 35... Nxf2# 0-1

[Event "15ème Open de Saint-Affrique"]
[Site "Saint Affrique"]
[Date "????.??.??"]
[Round "1.5"]
[White "Janev, Evgeni"]
[Black "Renard, Gilbert"]
[Result "1-0"]
[WhiteElo "2488"]
[BlackElo "1851"]
[PlyCount "61"]

1. e4 e5 2. Nf3 d6 3. d4 Nd7 4. Nc3 c6 5. a4 Be7 6. Bc4 Ngf6 7. O-O O-O 8. Re1
Qc7 9. Bg5 Re8 10. Qd2 Nf8 11. h3 Be6 12. Bf1 Ng6 13. Be3 d5 14. exd5 Nxd5 15.
Nxd5 Bxd5 16. Nxe5 Nxe5 17. dxe5 Qxe5 18. c4 Be6 19. Bxa7 Qc7 20. Bd4 Rad8 21.
Qe3 c5 22. Bc3 Bf8 23. Qf3 Qb6 24. a5 Qa6 25. b3 Bc8 26. Bd3 Rxe1+ 27. Rxe1 Qd6
28. Be4 b6 29. Bd5 Rd7 30. Re8 Bb7 31. Bxb7 1-0

[Event "15ème Open de Saint-Affrique"]
[Site "Saint Affrique"]
[Date "????.??.??"]
[Round "1.6"]
[White "Devals, Nicolas"]
[Black "Flear, Glenn C"]
[Result "0-1"]
[WhiteElo "1850"]
[BlackElo "2479"]
[PlyCount "32"]

1. e4 e5 2. Nf3 Nc6 3. Bb5 a6 4. Ba4 Nf6 5. O-O Nxe4 6. d4 b5 7. Bb3 d5 8. dxe5
Be6 9. c3 Bc5 10. Nbd2 O-O 11. Qe2 Bf5 12. Nxe4 dxe4 13. Ng5 Nxe5 14. Nxe4 Bb6
15. Rd1 Qh4 16. g3 Qxe4 0-1

[Event "15ème Open de Saint-Affrique"]
[Site "Saint Affrique"]
[Date "????.??.??"]
[Round "1.7"]
[White "Gozzoli, Yannick"]
[Black "Oney, Fatmanur"]
[Result "1-0"]
[WhiteElo "2470"]
[BlackElo "1850"]
[PlyCount "65"]

1. d4 d5 2. Nf3 Nf6 3. c4 c6 4. Nc3 e6 5. Bg5 Nbd7 6. e3 a6 7. a3 dxc4 8. Bxc4
b5 9. Ba2 c5 10. O-O Be7 11. Qe2 O-O 12. Rfd1 cxd4 13. exd4 Bb7 14. Ne5 Nb6 {#}
15. Nxf7 Rxf7 16. Bxe6 Bd5 17. Nxd5 Nfxd5 18. Qh5 Bxg5 19. Bxf7+ Kh8 20. Re1
Nf4 21. Qf3 Qf8 22. Bb3 Rd8 23. Re5 Bh6 24. Rae1 Nd7 25. Re7 Nf6 26. Rf7 Qd6
27. h4 Rf8 28. Rxf8+ Qxf8 29. g3 Ng6 30. Re6 a5 31. Ra6 Nd7 32. Ra8 Nb8 33.
Qxf8+ 1-0

[Event "15ème Open de Saint-Affrique"]
[Site "Saint Affrique"]
[Date "????.??.??"]
[Round "1.8"]
[White "Naudion, Gregoire"]
[Black "Collas, Didier"]
[Result "0-1"]
[WhiteElo "1842"]
[BlackElo "2458"]
[PlyCount "70"]

1. e4 c6 2. d4 d5 3. exd5 cxd5 4. c4 Nf6 5. Nc3 g6 6. Nf3 Bg7 7. Bd3 Nc6 8. h3
O-O 9. O-O b6 10. Bg5 dxc4 11. Bxc4 Bb7 12. a3 Rc8 13. Ba2 Qd6 14. Qd2 Rfd8 15.
Rad1 e6 16. d5 exd5 17. Nxd5 Ne4 18. Qe3 Nxg5 19. Nxg5 Qe5 20. Qxe5 Bxe5 21. b4
Kg7 22. Ne3 Rxd1 23. Rxd1 Rd8 24. Nxf7 Rxd1+ 25. Nxd1 Bc7 26. Nc3 Nd4 27. Nd5
Bxd5 28. Bxd5 h6 29. a4 a6 30. Kf1 g5 31. g3 b5 32. f4 gxf4 33. axb5 axb5 34.
gxf4 Nc2 {#} 35. Ne5 $4 Ne3+ 0-1

[Event "15ème Open de Saint-Affrique"]
[Site "Saint Affrique"]
[Date "????.??.??"]
[Round "1.9"]
[White "Velikov, Petar"]
[Black "Roubaud, Alexandre"]
[Result "1-0"]
[WhiteElo "2448"]
[BlackElo "1842"]
[PlyCount "41"]

1. c4 e5 2. g3 Nc6 3. Bg2 f5 4. Nc3 Nf6 5. e3 Bc5 6. Nge2 d6 7. d4 exd4 8. exd4
Bb6 9. O-O O-O 10. Bg5 Qe8 11. c5 Ba5 12. Bxf6 Rxf6 13. Nd5 Rh6 14. a3 f4 15.
Nexf4 g5 16. Nh5 Kh8 17. Nhf6 Qe6 18. b4 Rxf6 19. Re1 Qf7 20. Nxf6 Qxf6 21.
bxa5 1-0

[Event "15ème Open de Saint-Affrique"]
[Site "Saint Affrique"]
[Date "????.??.??"]
[Round "1.10"]
[White "Pastorelli, Loic"]
[Black "Collas, Silvia"]
[Result "0-1"]
[WhiteElo "1839"]
[BlackElo "2393"]
[PlyCount "64"]

1. Nf3 c5 2. c4 b6 3. e3 Nf6 4. d4 cxd4 5. exd4 e6 6. d5 Bb7 7. d6 Ne4 8. Bf4
Qc8 9. Nc3 Nxc3 10. bxc3 Na6 11. Be2 Nc5 12. O-O f6 13. Qd4 Qc6 14. Rfd1 e5 15.
Bxe5 fxe5 16. Qxe5+ Ne6 17. Ne1 Qe4 18. Bh5+ Kd8 19. Qb5 Bc6 20. Qa6 Nc5 21.
Qa3 Qxc4 22. Rd4 Qe6 23. Rad1 g6 24. Bg4 Qf6 25. Nc2 h5 26. Be2 Qg5 27. Bf1 Bg7
28. Rc4 Rf8 29. Nd4 Bb7 30. Nb3 Qf5 31. f4 Ne6 32. Rc7 Qxf4 0-1

[Event "15ème Open de Saint-Affrique"]
[Site "Saint Affrique"]
[Date "????.??.??"]
[Round "1.63"]
[White "Vignette, Jeanne"]
[Black "Gnininvi, Ephrem"]
[Result "1-0"]
[WhiteElo "1510"]
[BlackElo "2011"]
[PlyCount "65"]

1. e4 e5 2. Nf3 Nf6 3. Nc3 Bb4 4. a3 Bxc3 5. dxc3 d6 6. Bd3 Bg4 7. h3 Bh5 8.
Bg5 Nbd7 9. Qe2 a6 10. O-O-O b5 11. g4 Bg6 12. h4 h6 13. h5 Bh7 14. Bh4 c5 15.
c4 b4 16. a4 Qb6 17. b3 Qc6 18. Rhe1 Nf8 19. g5 N6d7 20. Qe3 hxg5 21. Qxg5 f6
22. Qxg7 Rg8 23. Qh6 O-O-O 24. Bxf6 Re8 25. Ng5 Nxf6 26. Qxf6 Nd7 27. Qf7 Ref8
28. Qe7 Rxg5 29. Qxg5 Nf6 30. Qg7 Qe8 31. Qa7 Qc6 32. Bf1 Nd7 33. Bh3 1-0

[Event "15ème Open de Saint-Affrique"]
[Site "Saint Affrique"]
[Date "????.??.??"]
[Round "1.80"]
[White "Bonvalot, Isabelle"]
[Black "Oney, Remel"]
[Result "0-1"]
[WhiteElo "1946"]
[BlackElo "1593"]
[PlyCount "106"]

1. e4 d5 2. exd5 Nf6 3. c4 c6 4. Nc3 cxd5 5. cxd5 g6 6. Qf3 Bg7 7. Bc4 O-O 8.
h3 a6 9. a4 Nbd7 10. d4 Qb6 11. Nge2 Ne8 12. Qe4 Nd6 13. Qd3 Nf5 14. a5 Qc7 15.
O-O Nf6 16. Bf4 Nd6 17. Bb3 Bf5 18. Qe3 b6 19. Rfc1 Qb7 20. axb6 Qxb6 21. Na4
Qa7 22. Nc5 a5 23. g4 Bc8 24. Nc3 Rb8 25. Ra3 Rb4 26. Rca1 Nxg4 27. hxg4 Bxd4
28. Qg3 Qxc5 29. Rxa5 Bxf2+ 30. Qxf2 Qxf2+ 31. Kxf2 Rxf4+ 32. Ke3 Rxg4 33. Ra7
Nf5+ 34. Kd3 Rb4 35. R1a3 Rb7 36. Ne4 Rxa7 37. Rxa7 h5 38. Bc4 Kg7 39. b4 h4
40. Ng5 Kh6 41. Nf3 h3 42. b5 g5 43. b6 g4 44. Ne5 g3 45. b7 Bxb7 46. Rxb7 g2
47. Rb1 Rg8 48. Nxf7+ Kh5 49. d6 Rg6 50. Ke4 Nxd6+ 51. Nxd6 exd6 52. Be2+ Kg5
53. Rb5+ Kf6 0-1

[Event "15ème Open de Saint-Affrique"]
[Site "Saint Affrique"]
[Date "2007.07.21"]
[Round "1.34"]
[White "Fruteau, Sabine"]
[Black "Legrain, Patrick"]
[Result "1-0"]
[WhiteElo "2170"]
[BlackElo "1760"]
[PlyCount "93"]
[EventDate "2007.??.??"]

1. e4 c5 2. Nf3 Nc6 3. Bb5 Nd4 4. Nxd4 cxd4 5. f4 a6 6. Bc4 b5 7. Bd3 Bb7 8.
O-O e6 9. c3 Bc5 10. b4 Bb6 11. Kh1 Qh4 12. Qe1 Qxe1 13. Rxe1 Nf6 14. h3 Nh5
15. f5 O-O 16. Bb2 Nf4 17. Bf1 exf5 18. cxd4 fxe4 19. a4 bxa4 20. Nc3 Bxd4 21.
Nxa4 Bxb2 22. Nxb2 d5 23. Na4 Ne6 24. Nb6 Ra7 25. Ra5 Rd8 26. Rc1 g6 27. b5 d4
28. bxa6 Ba8 29. Bc4 Nc7 30. Re1 Re8 31. Rf1 Ne6 32. Nxa8 Rexa8 33. Re5 Rd8 34.
Rxe4 Rd6 35. Re5 Kg7 36. Kg1 Rc6 37. d3 Nc5 38. Ra1 Ne6 39. Rea5 Rb6 40. Rd5
Nf4 41. Rda5 Ne6 42. R1a2 Kf6 43. Rf2+ Ke7 44. g4 h6 45. h4 g5 46. hxg5 Nxg5
47. Rxg5 1-0

[Event "15ème Open de Saint-Affrique"]
[Site "Saint Affrique"]
[Date "????.??.??"]
[Round "2.1"]
[White "Maris, Vincent"]
[Black "Hamdouchi, Hichem"]
[Result "0-1"]
[WhiteElo "2080"]
[BlackElo "2576"]
[PlyCount "114"]

1. e4 c5 2. Nf3 e6 3. d4 cxd4 4. Nxd4 a6 5. Bd3 g6 6. O-O Bg7 7. Ne2 Nc6 8. c4
Nf6 9. Nbc3 Qc7 10. Bf4 Ne5 11. h3 O-O 12. b3 b6 13. Bh2 Bb7 14. Rc1 Rad8 15.
Kh1 d6 16. Bb1 Qe7 17. f4 Ned7 18. Qd3 Nc5 19. Qe3 a5 20. Rfd1 Rfe8 21. e5 dxe5
22. fxe5 Rxd1+ 23. Rxd1 Nfd7 24. Bg3 h6 25. Nd4 Rd8 26. Re1 Nxe5 27. Bxe5 Bxe5
28. Qxe5 Qh4 29. Nf3 Bxf3 30. gxf3 Qxh3+ 31. Kg1 Qxf3 32. Re3 Qg4+ 33. Rg3 Qd4+
34. Qxd4 Rxd4 35. Kf2 g5 36. Nb5 Rd2+ 37. Ke3 Rb2 38. Rg1 f5 39. Kd4 Kf7 40.
Ke5 Ke7 41. Nc3 {#} 41... Rd2 42. Bxf5 (42. Rd1 Nd7#) 42... Nd7+ 43. Ke4 exf5+
44. Kxf5 Kf7 45. Re1 Rf2+ 46. Kg4 Nf6+ 47. Kg3 Rc2 48. Na4 h5 49. Nxb6 h4+ 50.
Kh3 Kg6 51. Nd5 Nxd5 52. cxd5 Kh5 53. Re5 Rxa2 54. d6 Rd2 55. Rxa5 Rxd6 56. Rb5
Rd2 57. b4 Rb2 0-1

[Event "15ème Open de Saint-Affrique"]
[Site "Saint Affrique"]
[Date "????.??.??"]
[Round "2.2"]
[White "Degraeve, Jean-Marc"]
[Black "Carmes, Mickael"]
[Result "1-0"]
[WhiteElo "2520"]
[BlackElo "2078"]
[PlyCount "65"]

1. e4 c5 2. Nf3 d6 3. Bb5+ Bd7 4. Bxd7+ Nxd7 5. O-O Ngf6 6. d3 e6 7. Ng5 Be7 8.
f4 h6 9. Nf3 d5 10. e5 Nh7 11. c4 Nb6 12. Qe2 Qd7 13. Nc3 O-O-O 14. a4 dxc4 15.
dxc4 Qd3 16. Qxd3 Rxd3 17. Ne1 Rd7 18. b3 Rhd8 19. Ne4 f5 20. exf6 Nxf6 21. Nf2
Ne8 22. Ra2 Bf6 23. Re2 Na8 24. Rxe6 Nac7 25. Re2 Nd6 26. g4 b6 27. Nf3 Nb7 28.
Bd2 Na6 29. Rfe1 Nb4 30. g5 hxg5 31. fxg5 Bd4 32. Nxd4 Rxd4 33. Bc3 1-0

[Event "15ème Open de Saint-Affrique"]
[Site "Saint Affrique"]
[Date "????.??.??"]
[Round "2.3"]
[White "Houard, Sebastien"]
[Black "Prie, Eric"]
[Result "0-1"]
[WhiteElo "2067"]
[BlackElo "2518"]
[PlyCount "84"]

1. e4 d5 2. exd5 Qxd5 3. Nc3 Qa5 4. d4 Nf6 5. Bd2 Bg4 6. f3 Bf5 7. g4 Bg6 8. f4
e6 9. f5 exf5 10. Qe2+ Kd8 11. g5 Nfd7 12. O-O-O f4 13. Bg2 Nc6 14. Re1 Bd6 15.
Qb5 Qb6 16. Bxc6 bxc6 17. Qc4 Rb8 18. Nd1 Qb5 19. Qxb5 Rxb5 20. Nh3 Rd5 21.
Nxf4 Rxd4 22. Nxg6 hxg6 23. Bc3 Rd5 24. h4 Be5 25. Bd2 f6 26. Reg1 f5 27. Be3
Bd4 28. c3 Bxe3+ 29. Nxe3 Re5 30. Ng2 Re4 31. Rf1 Ne5 32. Rd1+ Ke7 33. Rhe1 Ke6
34. Rxe4 fxe4 35. Rh1 Nf3 36. Kd1 Rd8+ 37. Kc1 Kf5 38. Ne3+ Kf4 39. Ng2+ Kg3
40. Ne3 Rd3 41. h5 gxh5 42. Nf5+ Kg2 0-1

[Event "15ème Open de Saint-Affrique"]
[Site "Saint Affrique"]
[Date "????.??.??"]
[Round "2.4"]
[White "Georgiev, Krum"]
[Black "Casas Mor, Carles"]
[Result "1-0"]
[WhiteElo "2500"]
[BlackElo "2066"]
[PlyCount "55"]

1. e4 e6 2. d3 d5 3. Nd2 Nf6 4. Ngf3 Bc5 5. e5 Nfd7 6. d4 Bb6 7. Nb3 c5 8. dxc5
Nxc5 9. Nxc5 Bxc5 10. Bd3 Nc6 11. O-O Qb6 12. c3 a5 13. Qe2 h6 14. Bf4 Bd7 15.
Rab1 Qa7 16. Bg3 O-O 17. Rbd1 Rfd8 18. Bb1 b5 19. Qd3 g6 20. Bh4 Be7 21. Bf6
Bxf6 22. exf6 Qc5 23. Qd2 Qf8 24. Rfe1 Rac8 25. h4 h5 26. Qg5 Kh7 27. Qxh5+ Kg8
28. Bxg6 1-0

[Event "15ème Open de Saint-Affrique"]
[Site "Saint Affrique"]
[Date "????.??.??"]
[Round "2.5"]
[White "Gaudron, Fanny"]
[Black "Janev, Evgeni"]
[Result "0-1"]
[WhiteElo "2058"]
[BlackElo "2488"]
[PlyCount "86"]

1. d4 d6 2. Nf3 g6 3. Bf4 Bg7 4. c3 Nd7 5. Nbd2 e5 6. Bg3 Qe7 7. Bh4 f6 8. dxe5
dxe5 9. e3 Nh6 10. Qa4 Nf5 11. Bd3 c6 12. Bxf5 Nc5 13. Qc2 Bxf5 14. e4 Be6 15.
O-O Rd8 16. Rfd1 O-O 17. Ne1 Qf7 18. f3 b6 19. Bf2 Nb7 20. Qa4 Bh6 21. Nf1 Na5
22. Ne3 Rxd1 23. Qxd1 c5 24. Qd6 Bxe3 25. Bxe3 Nc4 26. Qd3 Nxb2 27. Qe2 Nc4 28.
Rd1 Qe7 29. Nc2 Rd8 30. Kf2 Nb2 31. Rxd8+ Qxd8 32. a3 Nd1+ 33. Ke1 Nxc3 34. Qd2
Qxd2+ 35. Kxd2 Nb5 36. a4 Nd6 37. Na3 Bc4 38. Kc3 Bf1 39. a5 Kf7 40. g3 Be2 41.
axb6 axb6 42. f4 Nxe4+ 43. Kc2 Ke6 0-1

[Event "15ème Open de Saint-Affrique"]
[Site "Saint Affrique"]
[Date "????.??.??"]
[Round "2.6"]
[White "Flear, Glenn C"]
[Black "Grigoryan-Lyell, Meri"]
[Result "1-0"]
[WhiteElo "2479"]
[BlackElo "2048"]
[PlyCount "55"]

1. d4 d5 2. Nf3 Nc6 3. e3 Bg4 4. Nbd2 e5 5. h3 Bxf3 6. Nxf3 e4 7. Nd2 f5 8. c4
Nf6 9. a3 g6 10. Qb3 Rb8 11. cxd5 Nxd5 12. Bc4 Na5 13. Qa4+ c6 14. Be2 b5 15.
Qc2 Bh6 16. b4 Bxe3 17. bxa5 Bxf2+ 18. Kxf2 Qh4+ 19. g3 e3+ 20. Kg2 Nf4+ {#}
21. Kf3 $1 Qh5+ 22. Kxf4 Qxe2 23. Qxc6+ Kf7 24. Nf3 Rbc8 25. Ne5+ Kg7 26. Qb7+
Kh6 27. Ng4+ $1 Kh5 28. Qe7 1-0

[Event "15ème Open de Saint-Affrique"]
[Site "Saint Affrique"]
[Date "????.??.??"]
[Round "2.7"]
[White "Delorme, Laurie"]
[Black "Gozzoli, Yannick"]
[Result "0-1"]
[WhiteElo "2040"]
[BlackElo "2470"]
[PlyCount "50"]

1. d4 Nf6 2. c4 g6 3. Nc3 Bg7 4. Nf3 O-O 5. e4 d6 6. h3 e5 7. d5 a5 8. Bg5 Na6
9. Nd2 c6 10. g4 Qb6 11. Be3 Qd8 12. Bg5 Bd7 13. Qf3 a4 14. Nxa4 h6 15. Bxf6
Bxf6 16. Nc3 Bg5 17. O-O-O cxd5 18. cxd5 b5 19. Bxb5 Bxb5 20. Nxb5 Qb6 21. Nc3
Rfb8 22. b3 Qd4 23. h4 Rc8 24. Rh3 Nb4 25. Kb1 Nxa2 0-1

[Event "15ème Open de Saint-Affrique"]
[Site "Saint Affrique"]
[Date "????.??.??"]
[Round "2.8"]
[White "Collas, Didier"]
[Black "Tardif, Sebastien"]
[Result "1-0"]
[WhiteElo "2458"]
[BlackElo "2030"]
[PlyCount "63"]

1. e4 c5 2. Nf3 d6 3. d4 cxd4 4. Nxd4 Nf6 5. Nc3 a6 6. Qf3 Nbd7 7. Bg5 e6 8.
O-O-O Be7 9. h4 Qc7 10. Qg3 Kf8 11. Kb1 Nc5 12. f3 Bd7 13. Qe1 b5 14. a3 Rb8
15. Bc1 Be8 16. g4 Nfd7 17. g5 Nb6 18. f4 Nca4 19. Rh3 Qb7 20. h5 d5 21. Nxa4
bxa4 22. exd5 Nxd5 23. f5 Bxg5 24. b4 Bxc1 25. Kxc1 Qc7 26. fxe6 Qf4+ 27. Kb1
a5 28. exf7 Bxf7 29. Rf3 Qd6 30. Bc4 axb4 31. Bxd5 bxa3+ 32. Ka1 1-0

[Event "15ème Open de Saint-Affrique"]
[Site "Saint Affrique"]
[Date "????.??.??"]
[Round "2.9"]
[White "Bonnet, Philippe"]
[Black "Velikov, Petar"]
[Result "0-1"]
[WhiteElo "2027"]
[BlackElo "2448"]
[PlyCount "47"]

1. e4 c5 2. c3 Nf6 3. e5 Nd5 4. d4 cxd4 5. cxd4 e6 6. Nc3 Nxc3 7. bxc3 Qc7 8.
Bd2 d6 9. f4 Be7 10. Bd3 Nc6 11. Nf3 Na5 12. c4 Bd7 13. Rc1 g6 14. O-O Rd8 15.
h4 b6 16. h5 Bc8 17. Qc2 Rg8 18. hxg6 hxg6 19. Be3 Bb7 20. d5 exd5 21. e6 fxe6
22. Bxg6+ Kd7 23. Bf7 dxc4 24. Bxe6+ 0-1

[Event "15ème Open de Saint-Affrique"]
[Site "Saint Affrique"]
[Date "????.??.??"]
[Round "2.10"]
[White "Collas, Silvia"]
[Black "Roumegous, Christophe"]
[Result "1/2-1/2"]
[WhiteElo "2393"]
[BlackElo "2021"]
[PlyCount "61"]

1. Nf3 Nf6 2. c4 c5 3. g3 g6 4. Nc3 Nc6 5. d4 cxd4 6. Nxd4 Nxd4 7. Qxd4 Bg7 8.
Bg2 O-O 9. O-O d6 10. Qd2 Rb8 11. b3 a6 12. Bb2 b5 13. cxb5 axb5 14. e4 b4 15.
Nd5 Nxd5 16. Bxg7 Kxg7 17. exd5 Rb5 18. Rac1 Bb7 19. Rc4 Qa5 20. Rh4 h5 21. Rd1
Rh8 22. Be4 f5 23. Qg5 fxe4 24. Rxe4 e5 25. Rxe5 dxe5 26. Qxe5+ Kh7 27. Qe7+
Kh6 28. Qe3+ Kg7 29. Qe5+ Kh7 30. Qe7+ Kh6 31. Qe3+ 1/2-1/2

[Event "15ème Open de Saint-Affrique"]
[Site "Saint Affrique"]
[Date "????.??.??"]
[Round "2.22"]
[White "Castanier, Carl"]
[Black "Touboulic, Julien"]
[Result "1-0"]
[WhiteElo "1959"]
[BlackElo "2250"]
[PlyCount "68"]

1. e4 c5 2. Nc3 Nc6 3. g3 g6 4. Bg2 Bg7 5. d3 d6 6. Be3 Nf6 7. Qd2 Ng4 8. Bf4
e5 9. Bg5 f6 10. Be3 Nxe3 11. Qxe3 O-O 12. h4 Be6 13. h5 b5 14. f4 b4 15. Nd1
Rc8 16. hxg6 hxg6 17. f5 gxf5 18. exf5 Nd4 19. Qf2 Nxf5 20. Bh3 Qd7 21. Bxf5
Bxf5 22. Nf3 e4 23. Nh4 Bh7 24. d4 f5 25. dxc5 d5 26. a3 bxa3 27. Rxa3 d4 28.
b4 Qb7 29. Rb3 f4 30. gxf4 e3 31. Qh2 Bxc2 32. Rb2 Bxd1 $4 33. Nf5 $1 {#} 33...
Rf7 $4 (33... Rxf5 34. Qh7+ Kf8 35. Qxf5+ Ke7 36. Rh6 $1 $18) (33... Qxh1+ 34.
Qxh1 Rxf5 35. Kxd1 d3 $13) 34. Qh7+ Kf8 (34... Kf8 35. Qh8+ Bxh8 36. Rxh8#) 1-0

[Event "15ème Open de Saint-Affrique"]
[Site "Saint Affrique"]
[Date "????.??.??"]
[Round "2.37"]
[White "Arlabosse, Nicolas"]
[Black "Chaplin, Erik"]
[Result "1-0"]
[WhiteElo "1904"]
[BlackElo "2134"]
[PlyCount "117"]

1. e4 g6 2. d4 Bg7 3. Nc3 a6 4. a4 d6 5. Bc4 e6 6. Nge2 h6 7. O-O Ne7 8. Be3 d5
9. exd5 exd5 10. Bd3 O-O 11. Nb1 Bf5 12. Ng3 Bxd3 13. Qxd3 Nd7 14. Nd2 f5 15.
f4 a5 16. c3 Nf6 17. Nf3 Ne4 18. Ne5 Bxe5 19. dxe5 Qd7 20. Qc2 b6 21. Rad1 Nxg3
22. hxg3 c5 23. Rd2 Qe6 24. Rfd1 Rac8 25. Qb3 Kf7 26. Kf2 Rfd8 27. Rh1 h5 28.
Rhd1 d4 29. Qxe6+ Kxe6 30. cxd4 c4 31. Rc2 Nd5 32. Bd2 Nb4 33. Bxb4 axb4 34.
Ke3 Kd5 35. Rdc1 Rc6 36. Ra1 Ra8 37. Rcc1 Rc7 38. b3 c3 39. Kd3 Rca7 40. Rc2
Ra5 41. Re1 Re8 42. e6 Rxe6 43. Rxe6 Kxe6 44. Kc4 Rd5 45. Kxb4 Rxd4+ 46. Kxc3
Re4 47. Kd3 Kd5 48. Re2 Rd4+ 49. Kc3 Re4 50. Rxe4 Kxe4 51. b4 Ke3 52. a5 bxa5
53. bxa5 Kf2 54. a6 Kxg2 55. Kd3 Kxg3 56. Ke3 g5 57. fxg5 f4+ 58. Kd2 f3 59. a7
1-0

[Event "15ème Open de Saint-Affrique"]
[Site "Saint Affrique"]
[Date "????.??.??"]
[Round "2.43"]
[White "Iwanesko, Alexandre"]
[Black "Vanderbeeken, Mikael"]
[Result "1-0"]
[WhiteElo "1882"]
[BlackElo "2100"]
[PlyCount "129"]

1. e4 e6 2. d3 d5 3. Nd2 c5 4. Ngf3 Nf6 5. g3 g6 6. Bg2 Bg7 7. O-O O-O 8. Re1
Nc6 9. c3 a5 10. h4 h6 11. e5 Nd7 12. d4 cxd4 13. cxd4 f6 14. Qc2 fxe5 15. Qxg6
Rf6 16. Qb1 e4 17. Nh2 Nxd4 18. Nxe4 dxe4 19. Ng4 Nf3+ 20. Bxf3 exf3 21. Qe4
Nc5 22. Qc4 b6 23. b4 Rg6 24. bxc5 Bxa1 25. Qe4 Rxg4 26. Qxg4+ Bg7 27. Bxh6 Qf8
28. Bxg7 Qxg7 29. Qxf3 Ra7 30. cxb6 Rf7 31. Qd3 Qf6 32. Qe3 Bb7 33. Qg5+ Qxg5
34. hxg5 Bd5 35. Re2 Bf3 36. Rxe6 Rd7 37. Kh2 Rb7 38. Rf6 Rh7+ 39. Rh6 Rb7 40.
g4 Bxg4 41. Kg3 Bf5 42. Rf6 Bb1 43. a3 Be4 44. f3 Bd5 45. Rd6 Bb3 46. Kf4 Re7
47. Kg4 Be6+ 48. Kg3 Bc4 49. Rc6 Bd5 50. Rc5 Bb7 51. Rxa5 Re3 52. Ra7 Bxf3 53.
Kf4 Rb3 54. a4 Bg2 55. a5 Rb5 56. Kg4 Be4 57. Kh5 Rb2 58. Kg4 Rg2+ 59. Kf4 Bd5
60. Ke5 Bc6 61. Rc7 Bf3 62. Kf6 Bg4 63. b7 Rf2+ 64. Kg6 Bf3 65. b8=Q# 1-0

[Event "15ème Open de Saint-Affrique"]
[Site "Saint Affrique"]
[Date "????.??.??"]
[Round "2.58"]
[White "Renard, Gilbert"]
[Black "Foltz, Olivier"]
[Result "0-1"]
[WhiteElo "1851"]
[BlackElo "1620"]
[PlyCount "68"]

1. e4 e5 2. Nf3 Nc6 3. Bb5 a6 4. Ba4 Nf6 5. Bxc6 bxc6 6. d3 d6 7. Nbd2 Be7 8.
Nc4 O-O 9. Bg5 Rb8 10. b3 Re8 11. Ne3 d5 12. Nxe5 Bb4+ 13. Kf1 Rxe5 14. f4 Rxg5
15. fxg5 Ne8 16. h4 Bc3 17. Rb1 Qd6 18. Qf3 Be6 19. g4 Qa3 20. Kg2 Nd6 21. exd5
Bxd5 22. Nxd5 cxd5 23. h5 Qxa2 24. Qf2 Re8 25. g6 fxg6 26. hxg6 h6 27. Rhf1 Qa5
28. Qf3 d4 29. Qc6 Qg5 30. Kh3 Qxg6 31. Rf3 Qg5 32. Rbf1 Be1 33. Rf5 Qh4+ 34.
Kg2 Re2+ 0-1

[Event "15ème Open de Saint-Affrique"]
[Site "Saint Affrique"]
[Date "????.??.??"]
[Round "2.70"]
[White "Gayraud, Christian"]
[Black "Petit, Simon"]
[Result "1-0"]
[WhiteElo "1510"]
[BlackElo "1810"]
[PlyCount "41"]

1. e4 e6 2. d4 d5 3. e5 c5 4. c3 Nc6 5. Nf3 Qb6 6. Bd3 Bd7 7. O-O cxd4 8. cxd4
Nxd4 9. Nxd4 Qxd4 10. Nc3 Qxe5 11. Re1 Qc7 12. Nxd5 Qd6 13. Qf3 Bc6 14. Bc4 Ne7
15. Bf4 Qc5 16. Nc7+ Kd7 17. Rad1+ Nd5 18. Bxd5 exd5 19. Qg4+ Kd8 20. Nxa8 d4
21. Bc7# 1-0

[Event "15ème Open de Saint-Affrique"]
[Site "Saint Affrique"]
[Date "????.??.??"]
[Round "2.51"]
[White "Benmesbah, Natacha"]
[Black "Perusseau, Aurelien"]
[Result "1-0"]
[WhiteElo "2220"]
[BlackElo "1550"]
[PlyCount "59"]

1. e4 c5 2. Nf3 d6 3. d4 cxd4 4. Nxd4 Nf6 5. Nc3 a6 6. Be3 e5 7. Nb3 Be6 8. f3
Be7 9. Qd2 d5 10. exd5 Nxd5 11. Nxd5 Qxd5 12. Qxd5 Bxd5 13. O-O-O Be6 14. Na5
Bxa2 15. Nxb7 Be6 16. Nd6+ Bxd6 17. Rxd6 O-O 18. Bd3 Rc8 19. Be4 Nc6 20. Rxc6
Rxc6 21. Bxc6 Rc8 22. Rd1 g6 23. Bd7 Bxd7 24. Rxd7 Kg7 25. Rd6 Ra8 26. c4 a5
27. c5 a4 28. c6 a3 29. bxa3 Rxa3 30. Bb6 1-0

[Event "15ème Open de Saint-Affrique"]
[Site "Saint Affrique"]
[Date "????.??.??"]
[Round "3.1"]
[White "Hamdouchi, Hichem"]
[Black "Benmesbah, Stephane"]
[Result "1-0"]
[WhiteElo "2576"]
[BlackElo "2247"]
[PlyCount "67"]

1. e4 c5 2. Nf3 d6 3. d4 cxd4 4. Qxd4 Nc6 5. Bb5 Bd7 6. Bxc6 Bxc6 7. Nc3 Nf6 8.
Bg5 e6 9. O-O-O Be7 10. Qd3 Qa5 11. Kb1 O-O 12. h4 Rfc8 13. Nd4 b5 14. f3 Rab8
15. g4 b4 16. Nce2 Bb5 17. Nxb5 Rxb5 18. Bxf6 Bxf6 19. g5 Be7 20. Nd4 Rb7 21.
f4 Rbc7 22. Rh2 e5 23. fxe5 dxe5 24. Nf5 Bf8 25. h5 Qc5 26. Qg3 a5 27. h6 g6
28. Ne3 a4 29. Nd5 Rc6 30. Qxe5 b3 31. c3 bxa2+ 32. Ka1 a3 33. b4 Qc4 {#} 34.
Ne7+ 1-0

[Event "15ème Open de Saint-Affrique"]
[Site "Saint Affrique"]
[Date "????.??.??"]
[Round "3.2"]
[White "Saada, Julien"]
[Black "Degraeve, Jean-Marc"]
[Result "1/2-1/2"]
[WhiteElo "2221"]
[BlackElo "2520"]
[PlyCount "49"]

1. d4 Nf6 2. Bg5 Ne4 3. Bf4 d5 4. e3 c5 5. Bd3 Nf6 6. c3 Nc6 7. h3 e6 8. Nf3
Bd6 9. Bxd6 Qxd6 10. dxc5 Qxc5 11. Nbd2 b6 12. O-O Bb7 13. e4 dxe4 14. Nxe4 Qd5
15. Qe2 O-O-O 16. Rfd1 Ne5 17. Nd6+ Rxd6 18. Qxe5 Qxe5 19. Nxe5 Rf8 20. Be2
Rxd1+ 21. Rxd1 Nd5 22. Bf3 f6 23. Nc4 Kc7 24. Na3 a6 25. c4 1/2-1/2